| 000 | 00511nam a2200193Ia 4500 | ||
|---|---|---|---|
| 005 | 20250508162443.0 | ||
| 008 | 008 250505s9999 xx 000 0 eng d | ||
| 037 | _aTextual | ||
| 040 |
_aFEDL _beng _cFEDL |
||
| 041 |
_aeng _2eng |
||
| 084 |
_a300, SCH _qFEDL |
||
| 100 |
_aHoda M.M. _9773191 |
||
| 245 | 0 | _aFuture is manageable | |
| 260 |
_aNew Delhi, India _bImpex India _c1978 |
||
| 300 | _axiii,96p. | ||
| 650 | _aSocial Science | ||
| 942 |
_cTEXL _h300, SCH |
||
| 999 |
_c1376651 _d1376651 |
||